Teoría del texto: Problemas de una lingüística de la comunicación verbal
محفوظ في:
| المؤلف الرئيسي: | |
|---|---|
| التنسيق: | كتاب |
| اللغة: | Undetermined |
| منشور في: |
Madrid, España
Ediciones Cátedra
1977
|
| الموضوعات: | |
| الوسوم: |
إضافة وسم
لا توجد وسوم, كن أول من يضع وسما على هذه التسجيلة!
|
MARC
| LEADER | 00000nam a2200000Ia 4500 | ||
|---|---|---|---|
| 008 | 170316s9999 xx 000 0 und d | ||
| 090 | |a 801 S-12.1t | ||
| 100 | |a Schmidt, Siegfried J. | ||
| 245 | |a Teoría del texto: Problemas de una lingüística de la comunicación verbal | ||
| 260 | |a Madrid, España | ||
| 260 | |b Ediciones Cátedra | ||
| 260 | |c 1977 | ||
| 300 | |a 188 páginas | ||
| 650 | |a TEORÍA LITERARIA | ||
| 650 | |a TEORÍA DEL TEXTO | ||
| 650 | |a LINGÜÍSTICA PRAGMÁTICA | ||
| 999 | |c 20632 |d 20632 | ||
| 040 | |a cru BVZT | ||
| 942 | |c 15 D |h 801 S-12.1t |2 z | ||
